000 00929nam a2200277 a 4500
001 644666
003 ARRUPE
005 20150416020006.0
008 930825s1992 ilu b 001 0 eng
010 _a 93196728
020 _a0829407316
040 _aDLC
_cDLC
050 0 0 _aBF698.3
_b.C34 1992
100 1 _aCallahan, William J.,
_d1945-
_911397
245 1 4 _aThe enneagram for youth :
_bcounselor's manual /
_cWilliam J. Callahan.
260 _aChicago :
_bLoyola University Press,
_c1992.
300 _axi, 156 p. ;
_c23 cm.
500 _a"A Campion book."
504 _aIncludes bibliographical references (p. [151]) and index.
650 0 _aEnneagram.
_99416
650 0 _aPersonality assessment of youth.
_911398
650 0 _aYouth
_xReligious life.
_91906
906 _a7
_bcbc
_corignew
_d2
_encip
_f19
_gy-gencatlg
942 _2lcc
_cMONOGRAPH
_06
999 _c120876
_d120876